Представление документа в формате RUSMARC

ПолеНазваниеЗначение
  Тип записи a
  Библиографический уровень a
001 Контрольный номер 955085ee9da44358a091d24b7abb4294
005 Дата корректировки 20240328133131.1
100 Данные общей обработки __
a Данные общей обработки 20240328 ||| 0rusy0189 ca
101 Язык документа 0_
a Язык текста rus
102 Страна публикации __
a Страна публикации RU
200 Заглавие и сведения об ответственности 1_
a Заглавие Нотная азбука
e Сведения, относящиеся к заглавию [концепция нот в парфюмерном искусстве, ароматы в парфюмерной композиции]
f Первые сведения об ответственности М. Тимянская
461 Уровень набора _0
1 2000
a Маруся
463 Уровень физической единицы _0
1 2000
a № 3 (371)
v С. 14-17 : ил.
1 2101
d 2024
1 001dd1ab0c651f04d7d97bf97e899d2a095
600 Персоналии _1
a Персоналии (Фамилия) Пьесс
g Полное имя Септимус
606 Тематические рубрики 0_
a Основная рубрика Химическая технология. Химические производства
610 Ключевые слова 0_
a Ключевые слова душистые вещества; духи (парфюмерия); ароматы; парфюмерия; запахи; парфюмерное искусство; парфюмерные композиции; семейства ароматов
686 Индексы других классификаций __
a Классификационный индекс 35
700 Автор _1
a Фамилия Тимянская
b Имя (инициалы) М.
g Полное личное имя Мария
801 Источник записи _0
a Страна RU
b Организация УОБДЮ
c Дата составления 20240328
g Правила каталогизации RCR
801 Источник записи _1
a Страна RU
b Организация УОБДЮ
c Дата составления 20240328
g Правила каталогизации RCR
901 Тип документа __
t Тип документа b
w Контрольный № источника dd1ab0c651f04d7d97bf97e899d2a095
905 Данные по созданию БЗ __
b Логин пользователя, который создал БЗ ibo4
909 Создатель записи __
a Создатель записи Бобылёва И.В.
910 Корректоры записи __
a Корректор записи Бобылёва И.В.